ბათუმის შოთა რუსთაველის სახელმწიფო უნივერსიტეტის ბიბლიოთეკა

მცენარეთა ფიზიოლოგიის პრაკტიკუმი. (ბიბ.ჩანაწერი № 35300)

000 -LEADER
fixed length control field 00833nam a2200217Ia 4500
001 - CONTROL NUMBER
control field 1151
003 - CONTROL NUMBER IDENTIFIER
control field GE_BSU
008 - FIXED-LENGTH DATA ELEMENTS--GENERAL INFORMATION
fixed length control field 181216s||||||||xx |||||||||||||| ||und||
040 ## - CATALOGING SOURCE
Transcribing agency GE_BSU
080 ## - UNIVERSAL DECIMAL CLASSIFICATION NUMBER
Universal Decimal Classification number 581.1(075.8)
100 ## - MAIN ENTRY--PERSONAL NAME
Personal name კობერიძე,ალ ;ბენდიაშვილი,ნ. აბრამიშვილი,თ;
245 ## - TITLE STATEMENT
Title მცენარეთა ფიზიოლოგიის პრაკტიკუმი.
245 ## - TITLE STATEMENT
Remainder of title სახელმღვანელო სას–სამ. ინ–ტის სტუდენტთათვის
260 ## - PUBLICATION, DISTRIBUTION, ETC.
Place of publication, distribution, etc. თბილისი
260 ## - PUBLICATION, DISTRIBUTION, ETC.
Name of publisher, distributor, etc. განათლება
260 ## - PUBLICATION, DISTRIBUTION, ETC.
Date of publication, distribution, etc. 1975
300 ## - PHYSICAL DESCRIPTION
Extent 200 გვ. 20 სმ.
653 ## - INDEX TERM--UNCONTROLLED
Uncontrolled term მცენარეთა ფიზიოლოგია
942 ## - ADDED ENTRY ELEMENTS (KOHA)
Koha item type წიგნი
ეგზემპლარები
Withdrawn status Lost status Damaged status Not for loan Date acquired Barcode Date last seen Price effective from Koha item type
        2018-12-17 2697 2018-12-17 2018-12-17 წიგნი